| 000 | 01842nas a2200445 a 4500 | ||
|---|---|---|---|
| 001 | 9917801289004201 | ||
| 005 | 20250329173736.0 | ||
| 006 | m o d | ||
| 007 | c --- | ||
| 007 | cr cma--- | ||
| 008 | 090902c19979999 fr p o 0 a0spa c | ||
| 010 | _a 2010252770 | ||
| 022 | _a1988-4672 | ||
| 040 |
_aCO-CtgCURN _ccoctgcurn |
||
| 041 | 0 |
_aspa _aeng |
|
| 042 | _apcc | ||
| 082 | 0 | 4 |
_a657 _bA837 |
| 110 | 2 | _aAsociación Española de Profesores Universitarios de Contabilidad. | |
| 210 | 1 |
_aRev. contab. _b(Internet) |
|
| 222 | 0 |
_aRevista de contabilidad _b(Internet) |
|
| 245 | 1 | 0 |
_aRevista de contabilidad / _cAsociación Española de Profesores Universitarios de Contabilidad. |
| 260 |
_aValencia, España : _bAsociación Española de Profesores Universitarios de Contabilidad |
||
| 310 | _aSemiannual | ||
| 336 |
_atext _btxt _2rdacontent |
||
| 337 |
_acomputer _bc _2rdamedia |
||
| 338 |
_aonline resource _bcr _2rdacarrier |
||
| 362 | 1 | _aBegan with: Vol. 1, no. 1 (enero/jun. 1998) | |
| 500 | _aRefereed/Peer-reviewed. | ||
| 506 | 0 |
_fUnrestricted online access _2star. |
|
| 500 | _aFirst issue preceded by: Vol. 0, no. 0 (enero/dic. 1997) | ||
| 546 | _aIn Spanish and English. | ||
| 588 | _aDescription based on: Vol. 1, no. 1 (enero/jun. 1998); title from journal home page (publisher's Web site, viewed June 18, 2010) | ||
| 588 | _aLatest issue consulted: Vol. 21, Núm. 2 (julio 2018) (Elsevier, viewed November 29, 2018) | ||
| 650 | 0 |
_aContaduría _vPeriodicas. |
|
| 650 | 7 |
_aContabilidad. _2fast _0(OCoLC)fst00795379 |
|
| 710 | 2 | _aAsociación Española de Profesores Universitarios de Contabilidad. | |
| 776 | 0 | _x1138-4891 | |
| 856 | 7 |
_uhttps://asepuc.org/revista-de-contabilidad-spanish-accounting-review/ _zClic aqui para enlazar con la revista |
|
| 999 |
_c8081 _d8081 |
||